Регионална библиотека "Любен Каравелов" - Русе

Родът Хаджипееви - от Панагюрище до Асеновград (Запис номер 205112)

MARC детайли
000 -Лидер
Контролно поле с фиксирана дължина 01586nam a2200361 c 4500
003 - Код на организацията, давaща контролен номер
Контролно поле BLK
005 - Дата и час на последна редакция
Контролно поле 20250221100718.0
008 - Елементи от данни с фиксирана дължина
fixed length control field 180411b bul|||||r ||||||| ||bul||
010 ## - Наследен системен номер
LC control number KNG00214713000
020 ## - Международен стандартен номер на книга ISBN
Международен стандартен номер на книга ISBN 978-954-682-067-9
-- издат.: Оборище
040 ## - Източник на каталожния запис
Идентификатор на билиотеката - собственик на записа BLK
041 ## - Код за език
Код за езика на текст/звукозапис или на отделно заглавие Български
Код за езика КДБФ Български
072 #7 - Код за тематичната категория
Код организация bullib
Код за тематична категория Н92
Текст История Н
080 ## - УДК
Текстов определител УДК Отделни родове. Фамилии. История на родовете
УДК код - определител по УДК 929.52
УДК определител (497.2) Хаджипееви
УДК - код + определител 929.52(497.2) Хаджипееви
100 ## - Редна дума - Автор
Автор Пеев, Теодор Стефанов
Дати, свързани с автора 1955 -
Автор - информация (биография) Краевед. Родоизследовател. Богослов. Художник-реставратор
R(LIN) 274296
139 ## - Редно поле
Редна дума Пеев, Теодор Стефанов
Авторски знак Пе - П 32
245 10 - Сведения за заглавието
Заглавие Родът Хаджипееви - от Панагюрище до Асеновград
Редно поле (дума) Теодор Стефанов Пеев.
257 ## - Страна на издаване
Страна на създаване/издаване България
260 ## - Област на издателските данни
-- Панагюрище
Име на издателя, разпространителя и проч. Оборище
Година на издаване 2017
300 ## - Физическа характеристика
Страници 159 с.
Илюстрации и др. с ил., портр., факс.
Размери/Мащаб 20 см
380 ## - Жанр
Жанр История
500 ## - Общи забележки
Забележка Биогр. данни за авт. отбелязани на гърба на кор. - Библиогр. с. 153-156.
650 #0 - Допълнително описание по предмет – тема
Основно описание – тема или топоним Родове, български
9 (RLIN) 242498
651 #4 - Допълнително описание по предмет - топоним
Географско понятие България
9 (RLIN) 241624
653 ## - Ключова дума – ненормативна
Ключова дума български родове
659 ## - Тематичен бюлетин
Тематичен бюлетин Н
852 ## - Местоположение
Форматна сигнатура Цб 288417
856 4# - Електронен адрес и достъп
Електронен формат pdf - файл
Път до файла /url/
856 4# - Електронен адрес и достъп
Електронен формат pdf - файл
Път до файла /url/
942 ## - АРТИКУЛИ
Вид на библиотечния материал Книги
Скрит в OPAC Не
Koha issues (borrowed), all copies 2
944 ## - СЪЗДАВАНЕ И РЕДАКЦИЯ на ЗАПИСА
Създаване/Редакция Създаване
Дата на регистрацията/редакция 28.11.2017
Статус, дата на статуса Цветелина Шанова
Служител, извършил регистрацията/редакцията 30531
944 ## - СЪЗДАВАНЕ И РЕДАКЦИЯ на ЗАПИСА
Създаване/Редакция Редакция
Дата на регистрацията/редакция 02.02.2018
Статус, дата на статуса ф /
Служител, извършил регистрацията/редакцията Людмила_Стоянова
999 ## - СИСТЕМНИ КОНТРОЛНИ НОМЕРА
Koha biblionumber 205112
Koha biblioitemnumber 205112
Наличности
Код за отписване Код за изгубен артикул Източник на класификационната схема Код за повреда Коз за рестрикции Код за отдаване Артикулен № Име на библиотеката - собственик Име на библиотеката, в която се намира в момента Статус (Текущо местоположение) Дата на вписване в системата Местоположение - отдел Цена в лева Инвентарен номер Систематично азбучна сигнатура Баркод Номер на екземпляра Цена в евро Служебна бележка Служебен тип на артикула
  Не е изгубен Universal Decimal Classification Не е повреден без рестрикции заемане за дома 353280 Регионална библиотека "Любен Каравелов" Русе Регионална библиотека "Любен Каравелов" Русе Заемна - подръчен фонд 2017-11-29 Заемна - подръчен фонд 12.00 120000817496 929/П 32 Т 120000817496 1 6.14 Дост: DA Вид: А N: 41 Дата: 29.11.2017 Дата инв: 06.02.2018 Бележки инв: П2018 Книги
  Не е изгубен   Не е повреден без рестрикции ползва се в читалня 353281 Регионална библиотека "Любен Каравелов" Русе Регионална библиотека "Любен Каравелов" Русе Хранилище 2018-01-16 Хранилище 12.00 120000819066 Цб 288417 120000819066 2 6.14 Дост: Dp Вид: Д N: 50 Дата: 22.11.2017 Книги
Vip Innovations Ltd, Rousse, Bulgaria 2025